000 00639nas a2200241 4500
001 BR9803911
003 BR-BrBNA
005 20231205100849.0
007 ta
008 230509b bl.|||p| |||| 00| 00por d
040 _aBR-BrBNA
_bpor
_cBiblioteca Nacional de Agricultura
041 _a(Pt)
072 _aL73
100 1 _aSa, F.C. de
245 1 _aSinal de alerta
650 _aAvestruz
650 _aVirus
650 _aNewcastle
650 _aControle Integrado
773 0 _tAvicultura Industrial (Brazil)
_x
_g(Mar 1998), v. 88(1053) p. 22-24
_wBR9803911
909 _a202311
_bLúcia
_c55
_dLúcia Elande
942 _2AGRIS
_n0
_cANA
999 _c158514
_d158514